Catálogo

HISTORIA DEL DINERO (Registro nro. 34578)

Detalles MARC
000 -LEADER
fixed length control field 00498nam a2200181 a 4500
001 - CONTROL NUMBER
control field 34578
005 - DATE AND TIME OF LATEST TRANSACTION
control field 20180714002727.0
008 - FIXED-LENGTH DATA ELEMENTS--GENERAL INFORMATION
fixed length control field 140415s1972 000 0 spa d
041 ## - LANGUAGE CODE
Language code of text/sound track or separate title spa
082 ## - DEWEY DECIMAL CLASSIFICATION NUMBER
Classification number 332.49
Item number MOR
100 1# - MAIN ENTRY--PERSONAL NAME
Personal name MORGAN, E. VICTOR
245 10 - TITLE STATEMENT
Title HISTORIA DEL DINERO
260 ## - PUBLICATION, DISTRIBUTION, ETC.
Place of publication, distribution, etc. [s.l.] :
Name of publisher, distributor, etc. ISTMO,
Date of publication, distribution, etc. 1972
300 ## - PHYSICAL DESCRIPTION
Extent 457
490 ## - SERIES STATEMENT
Series statement LIBRO DE BOLSILLO ISTMO, COL. FUNDAMENTOS
Volume/sequential designation 29
650 14 - SUBJECT ADDED ENTRY--TOPICAL TERM
Topical term or geographic name entry element DINERO
General subdivision HISTORIA
-- ECONOMIA
700 1# - ADDED ENTRY--PERSONAL NAME
Personal name SANCHEZ, MARGARITA
Relator term tr.
Existencias
Withdrawn status Lost status Source of classification or shelving scheme Damaged status Not for loan Collection code Home library Current library Shelving location Date acquired Source of acquisition Inventory number Total Checkouts Full call number Barcode Date last seen Date last checked out Price effective from Koha item type
    Dewey Decimal Classification     General Biblioteca Karol Wojtyla Biblioteca Karol Wojtyla Sala general 03/12/2013 Compra 151000000000000000048991   332.49 MOR 52331 05/01/2026 06/01/2017 03/12/2013 Libro